000 01455nam a2200313 i 4500
003 EG-GICUC
005 20260121101722.0
008 260113s1987 ua ||||fr|||| 001 0 ara d
040 _a EG-GICUC
_bara
_c EG-GICUC
_d EG-GICUC
_erda
041 _aara
082 0 4 _a343.421
_bع ب . ج
_221
092 0 4 _221
099 _aLaw1 10 343.421 ع ب . ج 1987 1006427
100 0 _aعبد الحميد الشواربي.
_eمؤلف.
245 1 0 _aجرائم المخدرات :
_bشرح قانون المخدرات مع التعليق عليه بالآراء الفقهية وأحكام القضاء الحديثة، المسائل الإجرائية، التحريات، التلبس، القبض، إذن التفتيش وضماناته /
_cدكتور عبد الحميد الشواربي.
264 1 _aالإسكندرية، مصر :
_bمؤسسة الثقافة الجامعية،
_c1987.
300 _a368 صفحة ؛
_c24 سم.
336 _2rda content
_atext
337 _2rda media
_aComputer
338 _2rda carrier
_aOnline Resource
504 _aيشتمل على ارجاعات ببليوجرافية.
546 _aالنص باللغة العربية
650 1 _a التشريعات المتعلقة بالمخدرات.
_2qrmak
650 1 _aالتشريعات الجنائية الخاصة.
_2qrmak
651 1 _2qrmak
856 4 0 _uhttps://fll.law.cu.edu.eg/fulltext/bks/B10-06427.pdf
905 _a18
942 _2ddc
_n0
_cBK
_e21
999 _c56681
_d56681